000 01300cam a22003137a 4500
003 CHAP
005 20220329134743.0
008 971013s1965 r 00010 d
010 _a25305
011 _a26277
035 _a30377
040 _cCHAP
082 _a338.1765
_bI5
110 _aInstituto Latinoamericano de Mercadeo Agrícola
_959244
245 1 3 _aEl mercadeo de los huevos en Bogotá
260 _aBogotá :
_bInstituto Latinoamericano de Mercadeo Agrícola,
_c1965-66
300 _a5 v
505 _aContenido: v.1 Encuesta por correspondencia en una urbanización multifamiliar.- v.2 Mercados públicos.- v.3 Tiendas de víveres, almacenes avícolas y cigarrerías.- v.4 Supermercados.- v.5 Los consumidores
590 _aBATCH-UPD
_b10
_c20130110
_lUCH01
_h1958
590 _aCONVERSION
_b10
_c20130109
_lUCH01
_h1315
650 1 4 _aHuevos
_xMercadeo.
_956751
901 _aBK
942 _cLIBRO
949 _a338.1765 I5
_bBC
_cLIBRO
_d-70512
_eLIBRO
_fv.1
_h5906
_i30377
_mD
_si
949 _a338.1765 I5
_bBC
_cLIBRO
_d-70513
_eLIBRO
_fv.2
_h5907
_i30377
_mD
_si
949 _a338.1765 I5
_bBC
_cLIBRO
_d-70514
_eLIBRO
_fv.3
_h5908
_i30377
_mD
_si
949 _a338.1765 I5
_bBC
_cLIBRO
_d-70515
_eLIBRO
_fv.4
_h5909
_i30377
_mD
_si
949 _a338.1765 I5
_bBC
_cLIBRO
_d-70516
_eLIBRO
_fv.5
_h5910
_i30377
_si
999 _c25305
_d25305